Online katalóg knižníc regiónu Turca

Bájky (Record no. 21541)

MARC details
000 -LEADER
fixed length control field 01416nam a2200421 a 4500
001 - CONTROL NUMBER
control field 21541
003 - CONTROL NUMBER IDENTIFIER
control field VRT
005 - DATE AND TIME OF LATEST TRANSACTION
control field 20260303164019.0
008 - FIXED-LENGTH DATA ELEMENTS--GENERAL INFORMATION
fixed length control field 240315s2010 xo a b 000 fdslo
015 ## - NATIONAL BIBLIOGRAPHY NUMBER
National bibliography number SNBA2010/09-05229
020 ## - INTERNATIONAL STANDARD BOOK NUMBER
International Standard Book Number 9788071469094
Qualifying information (viaz.)
035 ## - SYSTEM CONTROL NUMBER
System control number A8AEE0C0-D846-415F-BFAF-C82DA5EB1856
035 ## - SYSTEM CONTROL NUMBER
System control number urn:nbn:sk:snk-amjwxb
035 ## - SYSTEM CONTROL NUMBER
System control number urn:nbn:sk:snk-am0080lh
039 #9 - LEVEL OF BIBLIOGRAPHIC CONTROL AND CODING DETAIL [OBSOLETE]
Level of rules in bibliographic description 202403151910
Level of effort used to assign nonsubject heading access points VLOAD
Level of effort used to assign subject headings 201807311138
Level of effort used to assign classification VLOAD
Level of effort used to assign subject headings 201511121706
Level of effort used to assign classification VLOAD
Level of effort used to assign subject headings 201510151612
Level of effort used to assign classification VLOAD
040 ## - CATALOGING SOURCE
Original cataloging agency SNK
Language of cataloging slo
Transcribing agency SNK
Description conventions AACR2
041 1# - LANGUAGE CODE
Language code of text/sound track or separate title slo
Language code of original fre
044 ## - COUNTRY OF PUBLISHING/PRODUCING ENTITY CODE
MARC country code xo
ISO country code SK
072 #7 - SUBJECT CATEGORY CODE
Subject category code 821-93
Subject category code subdivision Literatúra pre deti a mládež
Source konspekt
080 ## - UNIVERSAL DECIMAL CLASSIFICATION NUMBER
Universal Decimal Classification number 821-342
Edition identifier 2001
080 ## - UNIVERSAL DECIMAL CLASSIFICATION NUMBER
Universal Decimal Classification number 821-93
Edition identifier 2001
100 1# - MAIN ENTRY--PERSONAL NAME
Personal name La Fontaine, Jean de,
Dates associated with a name 1621-1695
Relationship aut
240 14 - UNIFORM TITLE
Uniform title Les fables
Language of a work Slovensky
245 10 - TITLE STATEMENT
Title Bájky
Statement of responsibility, etc. Jean de la Fontaine ; [preložila a prerozprávala Tatiana Žáryová]
250 ## - EDITION STATEMENT
Edition statement [1. vyd.]
260 ## - PUBLICATION, DISTRIBUTION, ETC.
Place of publication, distribution, etc. Bratislava
Name of publisher, distributor, etc. Junior
Date of publication, distribution, etc. [2010]
300 ## - PHYSICAL DESCRIPTION
Extent [93] s.
Other physical details fareb. ilustr.
Dimensions 27 cm
500 ## - GENERAL NOTE
General note Biogr. údaje
500 ## - GENERAL NOTE
General note Pravdepodobne preložené z franc.
655 #7 - INDEX TERM--GENRE/FORM
Genre/form data or focus term bájky
Source of term SNKPH
655 #7 - INDEX TERM--GENRE/FORM
Genre/form data or focus term publikácie pre deti
Source of term SNKPH
700 1# - ADDED ENTRY--PERSONAL NAME
Personal name Žáryová, Tatiana
Relationship trl
-- aut
942 ## - ADDED ENTRY ELEMENTS (KOHA)
Source of classification or shelving scheme Dewey Decimal Classification
Koha item type Krásna literatúra pre deti
Suppress in OPAC No
949 ## - LOCAL PROCESSING INFORMATION (OCLC)
6 17A0666055
a snkSB 79853
b snk2010/15398
o 1661/10
s 6100:20140925
949 ## - LOCAL PROCESSING INFORMATION (OCLC)
6 17A0666054
a snkSB 79853 D1
b snk2010/15400
o 1661/10
980 ## - EQUIVALENCE OR CROSS-REFERENCE-SERIES STATEMENT--PERSONAL NAME/TITLE [LOCAL, CANADA]
Personal name 821.133.1-342
980 ## - EQUIVALENCE OR CROSS-REFERENCE-SERIES STATEMENT--PERSONAL NAME/TITLE [LOCAL, CANADA]
Personal name 821-93
Holdings
Stav vyradenia Strata Poškodenie Spôsob nadobudnutia Domovská knižnica Aktuálna knižnica Dátum nadobudnutia Total checkouts Čiarový kód exemplára Date last seen Typ exemplára
      Dar Obecná knižnica Horná Štubňa Obecná knižnica Horná Štubňa 03.03.2026   9788071469094 03.03.2026 Krásna literatúra pre deti
Projekt je podporený Slovenskou asociáciou knižníc
Prevádzkuje Turčianska knižnica Martin 2026